000 00398nam a2200145Ia 4500
008 100122s9999 xx 000 0 und d
082 _b57781
_a823
100 _aनील-मुरुमकर कविता
245 _aभैरवी
260 _bजतिन रांगणेकर
_c1999
300 _a128
630 _aभैरवी
730 _aभैरवी
942 _cBOOK
999 _c433937
_d433934